Your national parks : a state-by-state guide /

Bibliographic Details
Other Authors: Hornby, George
Format: Book
Language:English
Published: New York : Crown Publishers, [1980]
Subjects:

MARC

Tag First Indicator Second Indicator Subfields
LEADER 00000cam a2200000 a 4500
001 in00000084272
005 20151008055732.0
008 790403s1980 nyua 00100 engm
010 |a  79014539  
019 |a 6902008 
020 |a 0517533707 :  |c $19.95 
035 |a (OCoLC)04883613 
035 |9 AAJ4245AM 
040 |a DLC  |c DLC  |d TXA  |d UtOrBLW 
043 |a n-us--- 
049 |a TXAF  |c [1502292] 
050 0 0 |a E160  |b .Y68 1980 
082 0 |a 917.3/04/92 
245 0 0 |a Your national parks :  |b a state-by-state guide /  |c edited by George Hornby ; with a foreword by William J. Whalen. 
264 1 |a New York :  |b Crown Publishers,  |c [1980] 
264 4 |c ©1980 
300 |a 319 pages :  |b illustrations ;  |c 29 cm. 
336 |a text  |b txt  |2 rdacontent 
337 |a unmediated  |b n  |2 rdamedia 
338 |a volume  |b nc  |2 rdacarrier 
500 |a Maps on lining papers. 
500 |a Includes indexes. 
650 0 |a National parks and reserves  |z United States  |v Guidebooks. 
651 0 |a United States  |v Aerial views  |x Guidebooks. 
651 0 |a United States  |v Pictorial works. 
700 1 |a Hornby, George. 
999 |a MARS 
999 f f |s 4ce14895-27e2-3c42-a1d1-209fed063841  |i 25d0e682-53d6-349c-8f47-2fcd7b81bca8  |t 0 
952 f f |p ric  |a Texas A&M University  |b Rellis Campus  |c Joint Library Facility  |d Remote Storage  |t 0  |e E160 .Y68 1980  |h Library of Congress classification  |i unmediated -- volume  |m A14825026329 
952 f f |p noncirc  |a Texas A&M University  |b College Station  |c Cushing Memorial Library & Archives  |d Cushing: Stonestreet (Does not check out)  |t 0  |e E160 .Y68 1980  |h Library of Congress classification  |i unmediated -- volume  |m A14821592035 
998 f f |a E160 .Y68 1980  |t 0  |l Cushing: Stonestreet (Does not check out) 
998 f f |a E160 .Y68 1980  |t 0  |l Remote Storage